01315cam a22002771 4500001001300000003000400013005001700017008004100034010001700075035001800092040007600110042001200186050002700198051001800225086001300243100003800256245014500294260009200439300003800531410006500569500001600634501021800650650004000868700005800908740007100966hew63000091 DLC20260227111512.0720628s1963 dcuak f000 0 eng c ahew63000091  a(OCoLC)343749 aU.S. Dept. of Health, Education, and Welfare. LibrarycODaUdOCoLCdDLC apremarc00aL111b.A6 1963, no. 32 aLB1623b.W6930 aOE-200461 aWright, Grace S.q(Grace Stevens)14aThe junior high school;ba survey of grades 7-8-9 in junior and junior-senior high schools, 1959-60,cby Grace S. Wright and Edith S. Greer. a[Washington]bU.S. Dept. of Health, Education, and Welfare, Office of Educationc[1963] avi, 96 p.bforms, tables.c24 cm.10aUnited States.bOffice of Education.tBulletin 1963,vno. 32 a"OE-20046." aCopies 1 and 3 of L111.A6 with: Education in Czechoslovakia / Nellie Apanasewicz. Washington : U.S.Dept. of Health, Education, and Welfare, Office of Education, 1963. Bound together subsequent to publication.5DLC 0aJunior high schoolszUnited States.1 aGreer, Edith Christine Simanek,d1904-ejoint author.0 aA survey of grades 7-8-9 in junior and junior-senior high schools.